| 000 | 00750nam a2200241 i 4500 | ||
|---|---|---|---|
| 001 | 9824 | ||
| 003 | ES-MaACL | ||
| 005 | 20230906145749.0 | ||
| 007 | t| | ||
| 008 | 940120s1993 sp ||||1| spa d | ||
| 020 | _a84-397-1882-9 | ||
| 080 | _a86.0(72)-311.2"19" | ||
| 080 | _a86.0(72)(Esquivel,L.7 C.01) | ||
| 100 | 1 |
_aEsquivel, Laura. _947977 |
|
| 245 | 1 | 0 |
_aComo agua para chocolate _b: novela de entregas mensuales, con recetas, amores y remedios caseros / _cLaura Esquivel. |
| 250 | _a[6ยช ed.]. | ||
| 260 |
_aBarcelona : _bMondadori, _cD.L.1993. |
||
| 300 |
_a173 p. ; _c22 cm. |
||
| 490 | 1 |
_aNarrativa Mondadori ; _v13 |
|
| 830 | 0 |
_aNarrativa Mondadori ; _v13 _9178089 |
|
| 852 |
_aES-MaACL _jL-17212 _bR.122172 |
||
| 999 |
_c9824 _d9824 |
||